| 000 | 00618nam a2200229Ia 4500 | ||
|---|---|---|---|
| 003 | OSt | ||
| 005 | 20220918192548.0 | ||
| 006 | a|||||r|||| 00| 0 | ||
| 007 | ta | ||
| 008 | 220917b |||||||| |||| 00| 0 eng d | ||
| 024 | _a69,019 | ||
| 037 | _cTextual | ||
| 040 |
_aARTS _cARTS _beng |
||
| 041 |
_2eng _aeng |
||
| 082 | _aR3:Q, J96 | ||
| 100 |
_aConybeare Irene _979440 |
||
| 245 | 0 | _aCivilisation or Chaox? A study of the present world crisis in the light of Eastern metaphysics | |
| 250 | _a2nd | ||
| 260 | _c1959 | ||
| 942 |
_hR3:Q, J96 _cTEXL _2CC |
||
| 999 |
_c195182 _d195182 |
||